000 01012nam a2200253 a 4500
001 000037670
003 DO-SdBNP
005 20250626140657.0
008 121024s2011 dr abc 000 0 spa d
020 _a9789945452143
040 _aDO-SdBNP
_bspa
_cBNPHU
082 _a972.93
_bC957his, 2011
100 1 _aCruz Sánchez, Filiberto
_913112
245 1 0 _aHistoria colonial dominicana :
_bdesde Cristóbal Colón hasta la restauración /
_cFiliberto Cruz Sánchez.
250 _a5a ed.
260 _aSanto Domingo, :
_bEl Nuevo Diario,
_c2011.
300 _a178 p. :
_bil., retrs., map. ;
_c27 cm.
651 4 _aRepública Dominicana
_xHistoria
_xEstudio Y Enseñanza
_99647
651 0 _aRepública Dominicana --
_xHistoria --
_yDescubrimiento y conquista, 1492-1503
_9255
651 4 _aRepública Dominicana
_xHistoria
_yOCUPACIÓN HAITIANA 1822-1844
_97666
651 0 _aRepública Dominicana
_xHistoria
_yAnexión a España,1861-1863
_932930
910 _aValidado. Control de calidad MFF
942 _2ddc
_cLBS1
999 _c37160
_d37160